Регионална библиотека "Любен Каравелов" - Русе

Синеокият дявол (Запис номер 325930)

MARC детайли
000 -Лидер
Контролно поле с фиксирана дължина 01629nam a22003497a 4500
003 - Код на организацията, давaща контролен номер
Контролно поле BLK
005 - Дата и час на последна редакция
Контролно поле 20250725151702.0
008 - Елементи от данни с фиксирана дължина
fixed length control field 181106b bu |||gr|||| 00| 0 bu d
020 ## - Международен стандартен номер на книга ISBN
Международен стандартен номер на книга ISBN 978-954-399-242-3
040 ## - Източник на каталожния запис
Идентификатор на билиотеката - собственик на записа BLK
041 ## - Код за език
Код за езика на текст/звукозапис или на отделно заглавие Български
Код за езика КДБФ Български
080 ## - УДК
Текстов определител УДК Американска литература (на САЩ)
УДК код - определител по УДК 821.111(73)
УДК - код + определител 821.111(73)
100 ## - Редна дума - Автор
Автор Клейпас, Лайза
Авторска отговорност първи автор
R(LIN) 1299
139 ## - Редно поле
Редна дума Клейпас, Лайза
Авторски знак Кла - К 63
245 ## - Сведения за заглавието
Заглавие Синеокият дявол
Редно поле (дума) Лайза Клейпас ; [прев. от англ. ез. Надежда Розова]
250 ## - Област на изданието
Сведения за изданието [2.] изд.
260 ## - Област на издателските данни
9 (RLIN) 219405
Име на издателя, разпространителя и проч. СББ Медиа
Информация за издателството Санома блясък България
Печатница Ропринт ЕАД
Издателство - префикс ISBN 978-954-399-
Година на издаване 2017
300 ## - Физическа характеристика
Страници 224 с.
Размери/Мащаб 20 см
380 ## - Жанр
Жанр Худож. лит.
490 ## - СЕРИИ (Колекции)
9 (RLIN) 207069
Име на серия Световни бестселъри
500 ## - Общи забележки
Забележка Ориг. загл.: Blue-eyed devil / Lisa Kleypas<br/>Името на прев. Надежда Розова погрешно отпеч. на гърба на загл. с. - Надежда Розева<br/>1. изд. 2009 на изд. Ергон, в сер. Библиотека Любов и съдба<br/>Кн. се разпространява със сп. Журнал за жената
653 #7 - Ключова дума – ненормативна
9 (RLIN) 195714
Ключова дума романи
700 ## - Други автори (авторска отговорност)
9 (RLIN) 1021
Лично име Розева, Надежда
Автороска отговорност (Описва отношението между автора и произведението) прев. от англ.
852 ## - Местоположение
Форматна сигнатура Цб 291382
Фондова буква Хранилище
999 ## - СИСТЕМНИ КОНТРОЛНИ НОМЕРА
Koha biblionumber 325930
Koha biblioitemnumber 325930
942 ## - АРТИКУЛИ
Вид на библиотечния материал Книги
Скрит в OPAC Не
Koha issues (borrowed), all copies 35
Периодичен библиозапис Да
944 ## - СЪЗДАВАНЕ И РЕДАКЦИЯ на ЗАПИСА
Създаване/Редакция Създаване
Дата на регистрацията/редакция 2018-11-06
Служител, извършил регистрацията/редакцията 30530
Статус, дата на статуса Минев Младен
999 ## - СИСТЕМНИ КОНТРОЛНИ НОМЕРА
Koha biblioitemnumber 325930
999 ## - СИСТЕМНИ КОНТРОЛНИ НОМЕРА
Koha biblioitemnumber 325930
999 ## - СИСТЕМНИ КОНТРОЛНИ НОМЕРА
Koha biblioitemnumber 325930
999 ## - СИСТЕМНИ КОНТРОЛНИ НОМЕРА
Koha biblioitemnumber 325930
999 ## - СИСТЕМНИ КОНТРОЛНИ НОМЕРА
Koha biblioitemnumber 325930
Наличности
Код за отписване Код за изгубен артикул Източник на класификационната схема Код за повреда Коз за рестрикции Код за отдаване Артикулен № Име на библиотеката - собственик Име на библиотеката, в която се намира в момента Статус (Текущо местоположение) Дата на вписване в системата Местоположение - отдел Цена в лева Систематично азбучна сигнатура Баркод Цена в евро Служебен тип на артикула
  Не е изгубен Universal Decimal Classification Не е повреден без рестрикции ползва се в читалня 682764 Регионална библиотека "Любен Каравелов" Русе Регионална библиотека "Любен Каравелов" Русе Хранилище 2018-11-23 Хранилище 10.00 Цб 291382 120000824991 5.11 Книги
  Не е изгубен Universal Decimal Classification Не е повреден   заемане за дома 708134 Регионална библиотека "Любен Каравелов" Русе Регионална библиотека "Любен Каравелов" Русе Заемна - подръчен фонд 2019-05-16 Заемна - подръчен фонд 16.00 П 820(73)-31/К 63 120000831694 8.18 Книги
Vip Innovations Ltd, Rousse, Bulgaria 2025